| 000 | 00695nam a2200157 i 4500 | ||
|---|---|---|---|
| 001 | 151504 | ||
| 003 | ES-MaACL | ||
| 005 | 20230906204229.0 | ||
| 008 | 931025s1897 sp |||| | spa d | ||
| 110 | 2 |
_aSociedad de Seguros Mutuos de Incendios de Casas en Madrid. _9134914 |
|
| 245 | 1 | 0 |
_aProyecto de reforma del reglamento... 30 de Abril de 1897 / _cpor la Comisión Antigua Sociedad de Seguros Mutuos de Incendios en Madrid. |
| 260 |
_aMadrid : _b[s.n.], _c1897 ( _fSucs. de Rivadeneyra) |
||
| 300 |
_a30 p. ; _c31 cm. |
||
| 610 | 2 |
_aSociedad de Seguros Mutuos de Incendios de Casas en Madrid- _vReglamentos. _9134915 |
|
| 852 |
_aES-MaACL _jFol-Laf-84 _z-- Rúst. _z-- Legado de M. de la Fuente |
||
| 999 |
_c151504 _d151504 |
||